| 000 | 02148nam a2200337 a 4500 | ||
|---|---|---|---|
| 001 | 000018717 | ||
| 003 | DO-SdBNP | ||
| 005 | 20211026130215.0 | ||
| 007 | 000018717 | ||
| 008 | 100514t2010 dr 001 0dspa d | ||
| 020 | _a9789945020984 | ||
| 040 |
_aBPMSU _bspa _cBPMSU |
||
| 082 |
_a923.9 _bC719V 2010 _222 |
||
| 100 | 1 | _aVarela, Consuelo | |
| 245 | 1 | 0 |
_aCristóbal Colón y la construcción de un mundo nuevo : _bestudios, 1983-2008 / _cConsuelo Varela ; presentación Roberto Cassá ; edición Andrés Blanco Díaz. |
| 260 |
_aSanto Domingo : _bArchivo General de la Nación, _c2010. |
||
| 300 |
_a641 p. ; _c23 cm. |
||
| 490 | 0 |
_aArchivo General de la Nación _v107 |
|
| 500 | _aIncluye referencias bibliográficas y notas al pie de las páginas. | ||
| 505 | 0 |
_gPresentación / _rRoberto Cassá -- _gIntroducción -- _gI.- El personaje : _tLa persona -- _tLas relaciones con el poder -- _tViajero por España y Portugal -- _tLos viajes al nuevo mundo -- _gII.- La familia y los amigos : _tLa familia -- _tLos amigos -- _gIII.- Los escritos de Cristóbal Colón : _gIV.- La colonización del nuevo mundo : _tLos acompañantes -- _tCara y cruz de la colonización -- _tV.- Colón y la leyenda : _tEl taller historiográfico colombino -- _tLa construción de la identidad -- _tAlgunas consideraciones sobre Cristóbal Colón en la poesía italiana del siglo xvi -- _tLa imagen de Cristóbal Colón en las elegías de varones ilustres de Indias de Juan Castellanos -- _tColón en la Francia decimonónica -- _tWashington Irvin y su biografía de Cristóbal Colón -- _tLa supuesta causa de beatificación de Cristóbal Colón -- _tApéndice : Nómina de documentos -- _gÍndice onomástico. |
|
| 590 | _6Inventariado, 2021/VM | ||
| 600 | 1 | 4 |
_aColón, Cristobal _d1451-1506 _xEnsayos, conferencias, etc. |
| 651 | 4 |
_aAmérica _xDescubrimiento y exploraciones _xEnsayos, conferencias, etc. |
|
| 651 | 4 |
_aAmérica _xDescripciones y viajes |
|
| 700 | 1 |
_aBlanco Díaz, Andrés, _eed. |
|
| 700 | 1 |
_aCassá, Roberto, _d1948- |
|
| 830 | 0 |
_aArchivo General de la Nación _n107 |
|
| 910 | _aVMateo V. | ||
| 942 |
_2ddc _cBK |
||
| 945 | _aInventariado, 2021/VM | ||
| 999 |
_c8094 _d8094 |
||